000 nam a22 7a 4500
999 _c16380
_d16380
008 161109b xxu||||| |||| 00| 0 eng d
020 _a9780618950034
020 _a0618950036
050 _aLB 2343.3 .E45 2009
100 _aToft, Doug
245 _aBecoming a master student/
_cDoug Toft; Dean Mancina; Eldon L. McMurray
250 _a12th ed.
260 _aBoston :
_b Houghton Mifflin,
_c ©2009.
300 _axiii, 402p. :
_bill. ;
500 _aIncludes bibliography and index.
650 _a College student orientation.
650 _aStudy skills.
700 _aMancina, Dean
700 _aMcMurray, Eldon L.
942 _2lcc
_cBOOKS
_hLB 2343.3 .E45 2009
_02